000 00415nam a2200181Ia 4500
001 10668
005 20260306161849.0
008 260306t1981||||xx |||||||||||||| ||spa||
041 _aESP
082 _a946.053
_bK19
100 _aKamen, Henry
_eAUT
245 0 _aLa España de Carlos II
260 _c1981
300 _a662 páginas :
_c20 cm.
650 _aGEN
654 _aCHU
942 _cLIB
_dJUS
_fJUS
_2ddc
_n
999 _c10668
_d10668